000 00616cam a22002051 4500
001 med46000318
003 DLC
005 20260227111557.0
008 810725s1945 xx 000 0 fre
010 _amed46000318
035 _a(OCoLC)14724365
040 _aDLC
_cDNLM
_dDLC
042 _apremarc
050 0 0 _aQP95
_b.G6
060 0 _aQY 402
_bG692L 1945
100 1 _aGouin, Jean,
_d1884-
245 1 3 _aLa leucocyto-réaction; élément de diagnostic et de thérapeutique.
_bApplications en syphiligraphie, dermatologie et médecine générale ...
260 _aParis,
_bMasson,
_c1945.
300 _a7, 252 p.
999 _c37918
_d37918